| 000 | 00357nam a2200133 a 4500 | ||
|---|---|---|---|
| 005 | 20140414132115.0 | ||
| 008 | 100901s19uu xx 00 eng d | ||
| 050 |
_aFIC _bSt5 2000 |
||
| 100 | _aStilton, Geronimo | ||
| 245 |
_aA cheese-colored camper : _bBook 16. |
||
| 260 |
_aNew York : _bScholastic, _c2005. |
||
| 440 | _aGeronimo Stilton | ||
| 999 |
_c114894 _d114894 |
||